00490cam a22001693a 4500020001500000040000800015082002600023100002000049245003300069260003600102300002900138490003800167500002600205650001600231650001600247710005700263 a0590483080 cSCR a813 SCH 1994 A094 Or.1 aMartin, Ann M.,10aHere come the bridesmaids! / aNew York :bScholastic,cc1994. a231 p. :bill. ;c20 cm.1 aBaby-sitters Club super special ; a"An Apple paperback." 0aBabysitters 0aBabysitters2 aCopyright Paperback Collection (Library of Congress)